Trái tim chó
Là tiếng nói cảnh báo dài lâu và luôn mang tính cấp bách vì nguy cơ một dạng người có trái tim chó, hay nói đúng hơn, một loại người mang tâm lý chó vốn không quá hiếm trong cuộc đời xung quanh.
Salvato in:
| Autore principale: | |
|---|---|
| Natura: | Libro |
| Lingua: | Undetermined |
| Pubblicazione: |
Hà Nội
Lao Động
2011
|
| Soggetti: | |
| Tags: |
Aggiungi Tag
Nessun Tag, puoi essere il primo ad aggiungerne! !
|
| Thư viện lưu trữ: | Trung tâm Học liệu Trường Đại học Cần Thơ |
|---|
| LEADER | 00891nam a2200205Ia 4500 | ||
|---|---|---|---|
| 001 | CTU_176085 | ||
| 008 | 210402s9999 xx 000 0 und d | ||
| 020 | |c 39000 | ||
| 082 | |a 891.7 | ||
| 082 | |b B933 | ||
| 100 | |a Bulgacov, Mikhail | ||
| 245 | 0 | |a Trái tim chó | |
| 245 | 0 | |c Mikhail Bulgacov ; Đoàn Tử Huyến (dịch) | |
| 260 | |a Hà Nội | ||
| 260 | |b Lao Động | ||
| 260 | |c 2011 | ||
| 520 | |a Là tiếng nói cảnh báo dài lâu và luôn mang tính cấp bách vì nguy cơ một dạng người có trái tim chó, hay nói đúng hơn, một loại người mang tâm lý chó vốn không quá hiếm trong cuộc đời xung quanh. | ||
| 650 | |a Russian fiction ( Vietnamese ),Tiểu thuyết Nga (Tiếng Việt) | ||
| 904 | |i mai,Hải | ||
| 980 | |a Trung tâm Học liệu Trường Đại học Cần Thơ | ||